01881cam a2200445 a 450000100090000000300050000900500170001400800410003101000170007201500190008901600180010802000180012603500240014404000710016804100130023904200140025204300120026608200130027810000390029113000490033024500580037926000640043730000440050149000320054550001080057750503270068554600330101265100320104570000260107770000310110370000250113470000270115970000260118670000160121283000360122890600450126494200120130999900190132195200950134017476758Nust20231003172240.0120927s2012 enka b 001 0 eng d a 2012454575 aGBB2040072bnb7 a0160097442Uk a9781107013070 a(OCoLC)ocn773429642 aUKMGBcUKMGBdERASAdYDXCPdBWXdYNKdCDXdTXHdWAUdZCUdXIIdDLC1 aenghchi alccopycat aa-cc---04a951bHIS aYuan Xingpei, yan Wenming;91183180 aZhonghua wen ming zhi guang.lEnglish91423814aThe history of Chinese civilization /c Yuan Xingpei; aCambridge ;aNew York :bCambridge University Press,c2012. axxi, 766 p.bill. (some col.) ;c24 cm.1 aThe Cambridge China library a"Originally published by Peking University Press as History of Chinese civilization, 2006"--T.p. verso.0 av. 1. Earliest times-221 B.C.E. / volume editor, Yan Wenming -- v. 2. Qin, Han, Wei, Jin, and the Northern and Southern dynasties / volume editor, Zhang Chuanxi -- v. 3. Sui and Tang to mid-Ming dynasties (581-1525) / volume editor Yuan Xingpei -- v. 4. Late Ming and Qing dynasties (1525-1911) / volume editor, Lou Yulie. aTranslated from the Chinese. 0aChinaxCivilization.9126721 aYuan, Xingpei.9142391 aKnechtges, David R.9142401 aYan, Wenming.9142411 aZhang, Chuanxi.9142421 aDeng, Xiaonan.9142431 aLou, Yulie. 0aCambridge China library.914245 a7bcbcccopycatd1encipf20gy-gencatlg 2ddccBK c234118d234118 00102ddc4070aCLbCLcCHISTd2017-03-13o951 HISpCL1815r2017-03-13t1w2017-03-13yBK